000 00554cam a2200193ua 4500
001 11783
008 191107n ii |||gr||||Z||||||eng
020 _a9780195656107
040 _cMAIN
041 _aeng
082 _a342.54
100 _aGranville Austin,
_eAuthor.
245 _aWorking a democratic constitution :
_bHistory of the indian experience /
_cBy Granville Austin .
250 _a12th imp.
260 _aNew Delhi:
_bOxford university press,
_c2018.
300 _a771p.
653 _aConstitutional & administrative law
942 _cBK
999 _c10578
_d10578